Outkast - Stankonia tracklist - Statistics

General Stats
  • This quiz has been taken 19 times
  • The average score is 12 of 24
Answer Stats
# Answer % Correct
2. Gasoline Dreams
93%
4. So Fresh, So Clean
93%
11. B.O.B
86%
5. Ms. Jackson
86%
24. Stankonia (Stanklove)
71%
1. Intro
64%
21. Toilet Tisha
64%
15. Humble Mumble
57%
3. I'm Cool (interlude)
57%
12. Xplosion
50%
18. Red Velvet
43%
22. Slum Beautiful
43%
6. Snappin' & Trappin'
43%
8. Spaghetti Junction
43%
14. We Luv Deez Hoez
43%
19. Cruisin' in the ATL (interlude)
36%
16. Drinkin' Again (interlude)
36%
13. Good Hair (interlude)
36%
23. Pre-Nump (interlude)
36%
7. D.F. (interlude)
29%
20. Gangsta Sh*t
29%
10. I'll Call B4 I C*m
29%
17. Question Mark ?
29%
9. Kim & Cookie (interlude)
21%
No matching quizzes found
Score Distribution
Percent of People with Each Score
Percentile by Number Answered
Your Score History
You have not taken this quiz